Súčasné trendy pracovnej migrácie absolventov slovenských vysokých škôl bakalárska práca

Salvato in:
Dettagli Bibliografici
Autore principale: Porádek, Juraj
Ente Autore: Obchodná fakulta EU. Katedra medzinárodného obchodu
Altri autori: Ďuranová, Lucia
Natura: Libro
Lingua:slovacco
Pubblicazione: Bratislava 2015
Tags: Aggiungi Tag
Nessun Tag, puoi essere il primo ad aggiungerne!!

MARC

LEADER 00000nbm a2200000 4500
001 0203246
005 20161212105541.2
041 0 |a slo 
044 |a SK 
245 1 0 |a Súčasné trendy pracovnej migrácie absolventov slovenských vysokých škôl  |b bakalárska práca  |c Juraj Porádek ; školiteľ: Lucia Ďuranová 
264 1 |a Bratislava  |c 2015 
300 |a 47 s. 
100 1 |a Porádek, Juraj 
700 1 |a Ďuranová, Lucia 
710 2 |a Obchodná fakulta EU. Katedra medzinárodného obchodu